00322nam a2200121Ia 4500008004100000041000800041082001500049100001900064245002800083260004800111300003000159365001100189240624s9999 xx 000 0 und d aeng a332.64 SOM aSOMANATHAN T V aECONOMIC OF DERIVATIVES c2015aNew DelhibCambridge University Press axv, : 255 : p. : cm. ; 24 cRSb32